|
|
|
|
| LEADER |
00000nam a22000007a 4500 |
| 008 |
210427b ||||| |||| 00| 0 eng d |
| 020 |
|
|
|a 978-3-319-20641-7
|
| 245 |
|
|
|a STATE fragility and state building in Afric
|b cases from Eastern and Southern Africa
|e (United Nations University series on Regionalism)
|g x, 249p.; ill.
|
| 250 |
|
|
|c Dele Olowu, Paulos Chanie.
|
| 260 |
|
|
|b Springer,
|c 2016.
|h New York
|i 689507
|l JQ1875 .St1
|m Infrastructure [Economics] - Africa.
|m Africa - Politics and government.
|m Africa - Economic policy.
|m Africa - Economic conditions.
|m Africa - Social policy.
|
| 500 |
|
|
|a “It includes references”.
|
| 942 |
|
|
|a lcc
|c BK
|e Ogunmilade, F.T.
|f 27/04/2021
|
| 952 |
|
|
|0 0
|1 0
|2 lcc
|4 0
|6 JQ1875 S T1
|7 0
|9 2374
|a HOL
|b HOL
|c GJ
|d 2021-04-27
|l 0
|o JQ1875 .St1
|p 2021-6226
|r 2021-04-27 00:00:00
|w 2021-04-27
|y BK
|
| 999 |
|
|
|c 1226
|d 1226
|